Statistics for British monarchs by defining event

Click here to take the quiz!

General Stats

  • This quiz has been taken 44 times
  • The average score is 18 of 20

Answer Stats

eventmonarch% Correct
beheading of Mary queen of Scots/ spanish armadaElizabeth I
97%
fall of the berlin wallElizabeth II
97%
created the role of Prime MinisterGeorge I
97%
killed scottish rebels in CullodenGeorge II
97%
georgian king who went madGeorge III
97%
beheaded kingCharles I
94%
hated scotland 1272-1307Edward I
94%
Henry's only sonEdward VI
94%
world war 2George V
94%
king at the start of the wars of the rosesHenry VI
94%
great fire of londonCharles II
88%
married Wallis SimpsonEdward VIII
88%
defeated NapoleonGeorge IV
84%
BosworthHenry VII
84%
almost died in parliament in 1606James I
84%
married Philip II of SpainMary I
84%
War of the rosesEdward IV
81%
not really a monarch, ruled mid 1600sOliver Cromwell
78%
Nine days as queenLady jane
72%
introduced christmas trees to the publicVictoria
72%

Score Distribution

Percentile by Number Answered

Percent of People with Each Score

Your Score History

You have not taken this quiz